| 000 | 00627nam a2200181 4500 | ||
|---|---|---|---|
| 999 |
_c163706 _d163706 |
||
| 005 | 20190426120451.0 | ||
| 010 | _aENG125089 | ||
| 020 |
_a9788179663752 _c180.00 |
||
| 035 | _aEN-108621 | ||
| 037 | _bDBAD/PUB | ||
| 082 | _a641.3 | ||
| 100 | _aPandurangam, M.K. | ||
| 245 |
_aMan's food unveiled : _ba research book on simple healthy living/ _cby M.K. Pandurangam |
||
| 260 |
_aChennai _bEmerald Publisher _c2013 |
||
| 270 |
_a15A, First Floor, Casa Major Road _bEgmore, Chennai _e600008 _k91-44-28193206, 42146994 _minfo@emeraldpublishers.com |
||
| 300 |
_a241p. _c22cm(pbk) |
||
| 942 |
_2ddc _cEN _h641.0 _mPAN |
||